000 00496nam a22001697a 4500
005 20250829162035.0
008 250829b |||||||| |||| 00| 0 eng d
040 _aRTL
_cRTL
084 _aY9(T).2, P9/TD
_qRTL
100 _aKumar, Krishna
245 _aWhat is worth teaching?
250 _a4th ed.
260 _aDelhi
_b Orient Blackswan
_c2016
300 _aix, 150 p.
_bIncludes bibiographical references and index
650 _aEducation
942 _2CC
_cTB
_hY9(T).2, P9/TD
_n0
999 _c1435004
_d1435004